000 00608nam a2200181 i 4500
001 64102
003 ES-MaACL
005 20230906165036.0
007 t|
008 031219s1914 fr ||||1| fre d
100 1 _aFitz-Patrick, J.
_951066
245 1 0 _aExercises d'aritmetique
_b: enoncés et solutions /
_cJ. Fitz-Patrick ; avec une preface de J. Tannery.
250 _a3ème ed. entierement ref. et considerablement augm.
260 _aParís :
_bA. Hermann et Fils,
_c1914 (
_eLaval :
_fL. Barnéoud)
300 _aV, 707 p. ;
_c26 cm.
700 1 _aTannery, J.
_9109204
852 _aES-MaACL
_jF-15637
999 _c64102
_d64102